Most Premier League Goals By Active Players - Statistics

General Stats
  • This quiz has been taken 65 times
  • The average score is 19 of 30
Answer Stats
Goals Club Player % Correct
213 Spurs Harry Kane
100%
175 Liverpool Mohamed Salah
100%
125 Spurs Heung-Min Son
98%
142 Leicester Jamie Vardy
98%
79 Man City Erling Haaland
91%
111 Liverpool Sadio Mane
88%
70 Man City Kevin De Bruyne
83%
87 Man United Marcus Rashford
79%
82 Liverpool Roberto Firmino
79%
103 Man United Cristiano Ronaldo
78%
123 Man City Raheem Sterling
78%
67 Aston Villa Ollie Watkins
71%
121 Everton Romelu Lukaku
71%
76 Man City Gabriel Jesus
69%
73 Brighton Danny Welbeck
59%
68 Crystal Palace Wilfried Zaha
59%
81 Burnley Chris Wood
57%
69 Arsenal Pierre-Emerick Aubameyang
57%
68 West Ham Michail Antonio
55%
72 Southampton Danny Ings
50%
61 Liverpool Diogo Jota
50%
69 Liverpool Luis Suarez
47%
90 Arsenal Olivier Giroud
45%
82 Man City Riyad Mahrez
43%
63 Man United Antony Martial
41%
88 Newcastle Callum Wilson
40%
86 Aston Villa Christian Benteke
33%
60 Everton Richarlison
29%
63 Arsenal Alexis Sanchez
26%
67 Swansea Gylfi Sigurdsson
17%
No matching quizzes found
Score Distribution
Percent of People with Each Score
Percentile by Number Answered
Your Score History
You have not taken this quiz